000
00296nam a22001337a 4500
020
_a
978-81-264-2034-6
082
_a
823
_b
JHA/S
100
_a
JHA, SHEFALI
245
_a
SPIRITS FROM HISTORY
260
_a
KOTTAYAM
_b
DC BOOKS
_c
2008
520
_a
SHORT STORY
650
_a
SHORT STORY
942
_c
BK
999
_c
5609
_d
5609